Fürsten Liechtensteins - Statistiken

Allgemein
  • Dieses Quiz wurde 26 mal gespielt
  • Das Durchschnittsergebnis liegt bei 9 aus 13
Antwortstatistiken
Amtszeit Name % Korrekt
13 seit 1984/89 Hans-Adam II
95%
4 1732-1748 Johann Nepomuk Karl
95%
3 1721-1732 Josef Johann Adam
95%
8 1805-1836 Johann I Josef
89%
1 1712-1718 Josef Wenzel
89%
6 1772-1781 Franz Josef I
84%
12 1938-1989 Franz Josef II
84%
10 1858-1929 Johann II
84%
11 1929-1938 Franz I
74%
7 1781-1805 Alois I
32%
9 1836-1858 Alois II
32%
14 seit 2004/XX Erbprinz Alois
32%
2 1718-1721 Anton Florian
11%
Keine übereinstimmenden Quizze gefunden
Verteilung der Resultate
Anzahl Personen mit jedem Resultat
Perzentil nach korrekt beantworteten Fragen
Ihre Resultats-Entwicklung
Sie haben dieses Quiz noch nicht gespielt